| 000 | 01173cam a2200229 4500 | ||
|---|---|---|---|
| 001 | ABS63624 | ||
| 008 | 000000n2001 000 0 eng u | ||
| 035 | _a(Sirsi) u111400 | ||
| 100 | _aWhite, N. | ||
| 245 | _aWhere do we go from here? | ||
| 260 | _c2001 | ||
| 490 |
_aBuilding _v266(8170) 23 February 2001, 59(1) |
||
| 520 | _aDiscusses collateral warranties, and argues that they are here to stay. Notes that they were originally intended to allow interested parties in a development, but not actually in a contract with contractors or subcontractors, to make claims directly against the latter. Looks at the evolution of collateral warranties over the years. Suggests they may now give beneficiaries rights such as access to warrantor's staff. However, notes that they still involve lengthy, expensive negotiations. | ||
| 590 | _aABS | ||
| 650 | _aBUILT ENVIRONMENT-BUILDING CONTRACT FORMS-CONSTRUCTION COLLATERAL WARRANTY FORMS | ||
| 650 | _aCONTRACTS (RIGHTS OF THIRD PARTIES) ACT 1999 | ||
| 650 | _aPANATOWN LTD V ALFRED MCALPINE | ||
| 650 | _aPROFESSIONAL INDEMNITY INSURANCE | ||
| 650 | _aLIABILITY | ||
| 690 | _aBUILT ENVIRONMENT | ||
| 942 | _n0 | ||
| 999 |
_c66371 _d66371 |
||